Doctrina pontificia : documentos políticos /

Guardat en:
Dades bibliogràfiques
Autor principal: Gutiérrez García, José Luis (autor)
Altres autors: Martín Artajo, Alberto (introducción) (introducción)
Format: Llibre
Idioma:espanyol
Publicat: Madrid, España : Editorial Católica, 1958
Etiquetes: Afegir etiqueta
Sense etiquetes, Sigues el primer a etiquetar aquest registre!

MARC

LEADER 00000nam^a2200000^a^4500
001 000625431
005 20260220000000.0
009 20260310134016.336
037 |a Acervo ITESO - Biblioteca 
041 |a ESP 
091 |a FOB. 03371 
100 |a Gutiérrez García, José Luis  |e (autor) 
240 1 1 |a [Doctrina pontificia] 
245 1 0 |a Doctrina pontificia :  |b documentos políticos / 
264 1 |a Madrid, España :  |b Editorial Católica,  |c 1958 
300 |a 1073 p. 
336 |a texto  |b txt  |2 rdacontenido 
337 |a sin mediación  |b n  |2 rdamedio 
338 |a volumen  |b nc  |2 rdasoporte 
649 |a XX 
700 |a Martín Artajo, Alberto  |e (introducción) 
910 |a Fondo Carlos de Obeso Orendain 
920 |a Impresos - Libros 
930 |a Fondos Especiales 
905 |a 147 
901 |a 625431-10  |b IT2  |c ESP  |i D  |u 20251205 
902 |a https://opac.biblio.iteso.mx/vufind/Record/000625431